Builder's guide to cosmetic remodeling / (Record no. 9611)

MARC details
000 -LEADER
fixed length control field 00900nac a22002531u 4500
010 ## - LIBRARY OF CONGRESS CONTROL NUMBER
LC control number 96049973
020 ## - INTERNATIONAL STANDARD BOOK NUMBER
International Standard Book Number 0070507120
020 ## - INTERNATIONAL STANDARD BOOK NUMBER
International Standard Book Number 0070507171 (pbk.)
082 00 - DEWEY DECIMAL CLASSIFICATION NUMBER
Classification number 690.837
Item number POW
090 ## - LOCALLY ASSIGNED LC-TYPE CALL NUMBER (OCLC); LOCAL CALL NUMBER (OCLC)
-- 9611
-- 9611
100 ## - MAIN ENTRY--PERSONAL NAME
Personal name Powers, Chase M.
245 10 - TITLE STATEMENT
Title Builder's guide to cosmetic remodeling /
Statement of responsibility, etc Chase Powers.
246 30 - VARYING FORM OF TITLE
Title proper/short title Cosmetic remodeling
260 ## - PUBLICATION, DISTRIBUTION, ETC. (IMPRINT)
Place of publication, distribution, etc New York :
Name of publisher, distributor, etc McGraw-Hill,1997
Date of publication, distribution, etc c1997.
300 ## - PHYSICAL DESCRIPTION
Extent xix, 324 p. :
Other physical details ill. ;
Dimensions 24 cm.
500 ## - GENERAL NOTE
General note "A McGraw-Hill builder's guide"--Spine.
500 ## - GENERAL NOTE
General note Includes index.
500 ## - GENERAL NOTE
General note distributer: Al-Ahram
511 ## - PARTICIPANT OR PERFORMER NOTE
Participant or performer note catalogued by: wessam
650 #0 - SUBJECT ADDED ENTRY--TOPICAL TERM
Topical term or geographic name as entry element Dwellings
General subdivision Remodeling.
856 42 - ELECTRONIC LOCATION AND ACCESS
Materials specified Publisher description
Uniform Resource Identifier <a href="http://www.loc.gov/catdir/description/mh022/96049973.html">http://www.loc.gov/catdir/description/mh022/96049973.html</a>
856 42 - ELECTRONIC LOCATION AND ACCESS
Materials specified Table of contents
Uniform Resource Identifier <a href="http://www.loc.gov/catdir/toc/mh022/96049973.html">http://www.loc.gov/catdir/toc/mh022/96049973.html</a>
942 ## - ADDED ENTRY ELEMENTS (KOHA)
Item type Book - Borrowing
Call number prefix 690.837POW
Holdings
Withdrawn status Item status Damaged status Not for loan Home library Current library Shelving location Date acquired Source of acquisition Total Checkouts Full call number Barcode Date last seen Koha item type
        Central Library Central Library First floor 25/05/2008 Purchase   690.837POW 000011605 15/07/2025 Book - Borrowing